Handball: Pays Champions d'Afrique (Hommes et Femmes) - Statistiques

Statistiques générales
  • Ce quiz a été pris 70 fois
  • Le résultat moyen est 5 sur 7
Statistiques - réponses
Réponse % Correct
Egypte
98%
Algérie
97%
Tunisie
92%
Angola
77%
Congo
71%
Nigeria
60%
Côte d'Ivoire
51%
Aucun quiz correspondant
Distribution des résultats
% des personnes avec chaque résultat
Percentile par nombre de réponses
Votre historique - résultats
Vous n’avez pas pris ce quiz